000 01041cab a2200205 4500
001 ##L132076
008 060103n2005 000 0 eng u
035 _a(Sirsi) u132076
041 0 _aeng
100 1 _aJones, Peter
245 0 0 _aBuilt to last
_bsustainable development in the construction industry
260 _c2005
490 0 _aTown & Country Planning
_v74(12) December 2005, 372-375(4)
520 _aReviews how the construction industry addresses the sustainability agenda, as revealed by searching the websites of major construction companies. Reveals that common themes can be found in the statements of most of the companies, including environmental impact of their activities, the social impact on communities, employees and society at large, and the economic impact, both locally and nationally, measured by job creation and development of local infrastructure.
590 _aIKA030106
690 _aBUILT ENVIRONMENT-SUSTAINABLE CONSTRUCTION
700 1 _aComfort, Daphne
700 1 _aHillier, David
942 _n0
999 _c76319
_d76319